[Event "Peter Stuart Memorial Open 2025"]
[Site "Takapuna, Auckland, New Zealan"]
[Date "2025.06.19"]
[Round "1.1"]
[White "Xu, Jeremy Xi"]
[Black "Ang, Alphaeus Wei Ern"]
[Result "0-1"]
[WhiteElo "1776"]
[BlackElo "2377"]
[WhiteFideId "-1"]
[WhiteFideId "-1"]
[PlyCount "66"]
[GameId "2190615784611840"]
[EventDate "2025.??.??"]

1. d4 Nf6 2. c4 d6 3. Nf3 g6 4. g3 Bg7 5. Bg2 O-O 6. O-O c6 7. Nc3 Bf5 8. Re1 Ne4 9. Nd2 Nxc3 10. bxc3 e5 11. e4 Be6 12. d5 Bc8 13. Nb3 c5 14. Qd3 f5 15. f4 Nd7 16. Be3 exf4 17. Bxf4 Ne5 18. Bxe5 Bxe5 19. Re2 f4 20. Rf1 fxg3 21. Rxf8+ Qxf8 22. hxg3 Bg4 23. Rf2 Qg7 24. Bf3 Bd7 25. Bg2 Bxc3 26. Qf3 a5 27. Rc2 Be5 28. g4 Rf8 29. Qe2 a4 30. Nc1 Bd4+ 31. Kh2 Qe5+ 32. Kh1 Qg3 33. Nd3 Qh4+ 0-1

[Event "Peter Stuart Memorial Open 2025"]
[Site "Takapuna, Auckland, New Zealan"]
[Date "2025.06.19"]
[Round "1.2"]
[White "Xie, Felix"]
[Black "Hall, John Robert"]
[Result "1-0"]
[WhiteElo "2366"]
[BlackElo "1775"]
[WhiteFideId "-1"]
[WhiteFideId "-1"]
[PlyCount "65"]
[GameId "2190616451514368"]
[EventDate "2025.??.??"]

1. c4 e5 2. Nc3 Nf6 3. g3 Nc6 4. Bg2 Bc5 5. e3 d6 6. Nge2 O-O 7. O-O Be6 8. d4 exd4 9. exd4 Nxd4 10. Nxd4 Bxc4 11. Re1 c6 12. Be3 Re8 13. Qa4 Bxd4 14. Bxd4 d5 15. Bxf6 Qxf6 16. Qxa7 Ba6 17. Qb6 Qd8 18. Qxd8 Raxd8 19. Rxe8+ Rxe8 20. Bf1 d4 21. Bxa6 bxa6 22. Na4 Kf8 23. Rd1 Rd8 24. Kf1 Ke7 25. Nc5 Rb8 26. Nb3 c5 27. Rc1 Kd6 28. Ke2 a5 29. Rc4 Rb5 30. Ra4 Kd5 31. Rxa5 Rxa5 32. Nxa5 c4 33. Kd2 1-0

[Event "Peter Stuart Memorial Open 2025"]
[Site "Takapuna, Auckland, New Zealan"]
[Date "2025.06.19"]
[Round "1.3"]
[White "Isaac, Ceferino"]
[Black "Mao, Daqi"]
[Result "0-1"]
[WhiteElo "1769"]
[BlackElo "2151"]
[WhiteFideId "-1"]
[WhiteFideId "-1"]
[PlyCount "56"]
[GameId "2190616451514368"]
[EventDate "2025.??.??"]

1. Nf3 d5 2. e3 Nf6 3. c4 e6 4. b3 b6 5. Bb2 Bb7 6. cxd5 exd5 7. Be2 Bd6 8. O-O Nbd7 9. d4 Qe7 10. a4 a5 11. Nc3 c6 12. Qc2 O-O 13. Bd3 Rfe8 14. Rfe1 Ne4 15. h3 f5 16. Qe2 Qf8 17. Rad1 Re6 18. Nd2 Rae8 19. Nf1 g6 20. Rc1 Ndf6 21. Ba6 Ba8 22. Rc2 Nxc3 23. Bxc3 Ne4 24. Rb1 f4 25. Be1 fxe3 26. fxe3 Rf6 27. Bd3 Bb7 28. Bxe4 Rxf1+ 0-1

[Event "Peter Stuart Memorial Open 2025"]
[Site "Takapuna, Auckland, New Zealan"]
[Date "2025.06.19"]
[Round "1.4"]
[White "Wang, Justin Zhide"]
[Black "Gunn, Neil J"]
[Result "0-1"]
[WhiteElo "2085"]
[BlackElo "1749"]
[WhiteFideId "-1"]
[WhiteFideId "-1"]
[PlyCount "100"]
[GameId "2190616451534848"]
[EventDate "2025.??.??"]

1. e4 c5 2. Nc3 Nc6 3. Bb5 Nf6 4. Bxc6 dxc6 5. d3 g6 6. Be3 b6 7. Qd2 Ng4 8. Bf4 e5 9. Bg5 f6 10. Bh4 Nh6 11. O-O-O Nf7 12. Kb1 Bg7 13. Nge2 O-O 14. Bg3 a5 15. f4 a4 16. fxe5 fxe5 17. Rdf1 c4 18. Bf2 cxd3 19. Qxd3 Qxd3 20. cxd3 b5 21. a3 Rd8 22. Nc1 Be6 23. Bc5 Bf8 24. Bxf8 Rxf8 25. N1a2 Bxa2+ 26. Nxa2 Nd6 27. Nb4 c5 28. Nd5 c4 29. Rxf8+ Rxf8 30. d4 Rf2 31. dxe5 Nxe4 32. Re1 Nd2+ 33. Ka2 c3 34. e6 cxb2 35. Nf6+ Rxf6 36. e7 b1=Q+ 37. Rxb1 Re6 38. Rxb5 Rxe7 39. Rb4 Re4 40. Rb7 Re2 41. Rb4 Nc4+ 42. Ka1 Nxa3 43. Rxa4 Rxg2 44. Rxa3 Rxh2 45. Kb1 Rd2 46. Kc1 Rd7 47. Ra6 Kg7 48. Kc2 h5 49. Ra5 Kh6 50. Kc1 h4 0-1

[Event "Peter Stuart Memorial Open 2025"]
[Site "Takapuna, Auckland, New Zealan"]
[Date "2025.06.19"]
[Round "1.5"]
[White "Ha, Timothy Huy Minh"]
[Black "Young, Cohen"]
[Result "1/2-1/2"]
[WhiteElo "1746"]
[BlackElo "2060"]
[WhiteFideId "-1"]
[WhiteFideId "-1"]
[PlyCount "80"]
[GameId "2190616451538944"]
[EventDate "2025.??.??"]

1. d4 Nf6 2. Nf3 d5 3. e3 c5 4. Bd3 Nc6 5. c3 Bg4 6. Nbd2 e6 7. O-O Bd6 8. dxc5 Bxc5 9. b4 Bd6 10. Bb2 O-O 11. h3 Bh5 12. a3 Ne5 13. Be2 Nxf3+ 14. Bxf3 Bxf3 15. Qxf3 Qc7 16. Rac1 b5 17. c4 bxc4 18. Bxf6 gxf6 19. Qxf6 Be5 20. Qg5+ Kh8 21. f4 Bb2 22. Qh6 f6 23. Rb1 Bxa3 24. e4 Bxb4 25. f5 c3 26. Nf3 dxe4 27. Nh4 e5 28. Ng6+ Kg8 29. Nxf8 Rxf8 30. Kh1 Ba3 31. Qe3 Bb2 32. Rf2 Qb6 33. Qe2 Rd8 34. Qc4+ Kh8 35. Rc2 Qd4 36. Qf7 e3 37. Qxf6+ Kg8 38. Qe6+ Kf8 39. Qf6+ Kg8 40. Qe6+ Kf8 1/2-1/2

[Event "Peter Stuart Memorial Open 2025"]
[Site "Takapuna, Auckland, New Zealan"]
[Date "2025.06.19"]
[Round "1.6"]
[White "McLaren, Leonard J"]
[Black "Pei, Yanshuo"]
[Result "0-1"]
[WhiteElo "2042"]
[BlackElo "1727"]
[WhiteFideId "-1"]
[WhiteFideId "-1"]
[PlyCount "74"]
[GameId "2190616451538944"]
[EventDate "2025.??.??"]

1. e4 c5 2. Nf3 d6 3. Bc4 Nf6 4. d3 e6 5. Bb3 Be7 6. O-O O-O 7. c3 Nc6 8. a4 h6 9. Re1 a6 10. d4 cxd4 11. cxd4 d5 12. e5 Ne4 13. Nc3 Bb4 14. Qd3 Na5 15. Bc2 Bxc3 16. bxc3 Qc7 17. Ba3 Rd8 18. Nd2 f5 19. exf6 Nxf6 20. Bb4 Nc6 21. a5 Bd7 22. Nb3 Nxb4 23. cxb4 Bb5 24. Qd2 Ng4 25. g3 Rf8 26. f4 Qf7 27. Nc5 Rae8 28. Ra3 Re7 29. Bd1 h5 30. Bxg4 hxg4 31. Re5 Qg6 32. Rae3 Rf6 33. Rg5 Qh7 34. Rxg4 Qh3 35. Qd1 Rh6 36. Nd3 Qxh2+ 37. Kf1 Qh1+ 0-1

[Event "Peter Stuart Memorial Open 2025"]
[Site "Takapuna, Auckland, New Zealan"]
[Date "2025.06.19"]
[Round "1.7"]
[White "Liu, Brian"]
[Black "Yu, Zachary"]
[Result "1/2-1/2"]
[WhiteElo "1725"]
[BlackElo "2035"]
[WhiteFideId "-1"]
[WhiteFideId "-1"]
[PlyCount "52"]
[GameId "2190616451543040"]
[EventDate "2025.??.??"]

1. e4 c5 2. Nf3 d6 3. d4 cxd4 4. Nxd4 Nf6 5. Nc3 e5 6. Nb3 Be6 7. Bg5 Be7 8. Be2 Nc6 9. Bxf6 Bxf6 10. O-O O-O 11. Nd5 Nd4 12. Nxf6+ Qxf6 13. Nxd4 exd4 14. Qd2 d5 15. exd5 Bxd5 16. Rfd1 Qc6 17. Bf1 Rad8 18. Qxd4 Qxc2 19. Rac1 Qg6 20. g3 Qe4 21. Qxe4 Bxe4 22. Bg2 Bxg2 23. Kxg2 Rxd1 24. Rxd1 f5 25. Rd7 Rf7 26. Rd8+ Rf8 1/2-1/2

[Event "Peter Stuart Memorial Open 2025"]
[Site "Takapuna, Auckland, New Zealan"]
[Date "2025.06.19"]
[Round "1.8"]
[White "Liu, William Rui"]
[Black "Sun, Oliver"]
[Result "1-0"]
[WhiteElo "2031"]
[BlackElo "1712"]
[WhiteFideId "-1"]
[WhiteFideId "-1"]
[PlyCount "103"]
[GameId "2190616451543040"]
[EventDate "2025.??.??"]

1. e4 c6 2. d4 d5 3. exd5 cxd5 4. Bd3 Nc6 5. c3 Nf6 6. Bf4 Bg4 7. Qb3 Qc8 8. Nd2 e6 9. Ngf3 Be7 10. O-O O-O 11. Ne5 Bh5 12. Rae1 Nxe5 13. Bxe5 Bg6 14. Qc2 Nd7 15. Bg3 Qc6 16. f4 Bxd3 17. Qxd3 g6 18. Nf3 Rae8 19. Ne5 Qc8 20. Qf3 Nf6 21. Bh4 Ne4 22. Bxe7 Rxe7 23. Qe3 f6 24. Nf3 Qc4 25. a3 Qb5 26. Rb1 a5 27. Nd2 Nxd2 28. Qxd2 a4 29. Rbe1 Qb6 30. h3 Rfe8 31. Kh2 Qc7 32. Qf2 Kg7 33. Qg3 Qb6 34. Re2 Qb5 35. Rfe1 Qd7 36. Re3 Qc7 37. R1e2 b5 38. Kh1 Qd6 39. Qf3 e5 40. fxe5 fxe5 41. dxe5 Rxe5 42. Rxe5 Rxe5 43. Qf4 Re6 44. Qxd6 Rxd6 45. Re7+ Kf6 46. Rb7 d4 47. cxd4 Rxd4 48. Rxb5 Ke6 49. Kh2 Rd5 50. Rb4 Ra5 51. Kg3 Ra6 52. Kf4 1-0

[Event "Peter Stuart Memorial Open 2025"]
[Site "Takapuna, Auckland, New Zealan"]
[Date "2025.06.19"]
[Round "1.9"]
[White "Fang, Maximilian"]
[Black "Zhang, Kendrick Botong"]
[Result "0-1"]
[WhiteElo "1699"]
[BlackElo "1991"]
[WhiteFideId "-1"]
[WhiteFideId "-1"]
[PlyCount "70"]
[GameId "2190616451547136"]
[EventDate "2025.??.??"]

1. e4 c5 2. Nf3 e6 3. d4 cxd4 4. Nxd4 Nc6 5. Nb5 d6 6. c4 a6 7. N5c3 Nf6 8. Be2 Be7 9. Be3 O-O 10. O-O Bd7 11. f3 Qc7 12. Na3 Ne5 13. Rc1 Bc6 14. Qb3 Ned7 15. Rfd1 Qa5 16. Bf4 Rfd8 17. Kh1 Nh5 18. Be3 Bg5 19. Bxg5 Qxg5 20. Bf1 Nhf6 21. Ne2 Nc5 22. Qb4 Rac8 23. Nc2 Be8 24. Rd4 b5 25. Rcd1 bxc4 26. Rxd6 Nd3 27. Rxd8 Rxd8 28. Qb6 Nf2+ 29. Qxf2 Rxd1 30. Ne3 Ra1 31. Nc3 Qxe3 32. Kg1 Qxf2+ 33. Kxf2 Rc1 34. Bxc4 Rc2+ 35. Ke3 a5 0-1

[Event "Peter Stuart Memorial Open 2025"]
[Site "Takapuna, Auckland, New Zealan"]
[Date "2025.06.19"]
[Round "1.10"]
[White "Jin, Yanbo"]
[Black "Fabay, Jenre Angelo"]
[Result "1-0"]
[WhiteElo "1973"]
[BlackElo "1697"]
[WhiteFideId "-1"]
[WhiteFideId "-1"]
[PlyCount "59"]
[GameId "2190616451547136"]
[EventDate "2025.??.??"]

1. Nf3 d5 2. d4 Nf6 3. c4 e6 4. g3 Be7 5. Bg2 O-O 6. O-O Nbd7 7. Qc2 c6 8. Rd1 dxc4 9. Qxc4 Nb6 10. Qc2 Bd7 11. e4 Rc8 12. Nc3 h6 13. Ne5 Qc7 14. Bf4 Nh5 15. Ng6 Qd8 16. Nxf8 Qxf8 17. Be3 Nf6 18. Qe2 Qe8 19. h3 Bf8 20. a4 Ra8 21. a5 Nc8 22. d5 exd5 23. exd5 cxd5 24. Nxd5 Nxd5 25. Rxd5 Bc6 26. Rd4 Nd6 27. Bxc6 Qxc6 28. Qd3 Re8 29. Rc1 Qf3 30. Bf4 1-0

[Event "Peter Stuart Memorial Open 2025"]
[Site "Takapuna, Auckland, New Zealan"]
[Date "2025.06.19"]
[Round "1.11"]
[White "Ng, Lok Jim (Lauren)"]
[Black "Piwari, Dylan Tama"]
[Result "0-1"]
[WhiteElo "1692"]
[BlackElo "1966"]
[WhiteFideId "-1"]
[WhiteFideId "-1"]
[PlyCount "108"]
[GameId "2190616451547136"]
[EventDate "2025.??.??"]

1. d4 d5 2. c4 c6 3. g3 Nf6 4. Bg2 e6 5. Nf3 Bb4+ 6. Bd2 Bxd2+ 7. Nbxd2 Nbd7 8. O-O O-O 9. Qc2 b6 10. cxd5 cxd5 11. Rfc1 Ba6 12. e3 Bb7 13. Qc7 Rb8 14. Qxd8 Rfxd8 15. Rc7 Ne8 16. Rc3 Rdc8 17. Rac1 Nd6 18. Ne5 Nxe5 19. dxe5 Nb5 20. Rxc8+ Rxc8 21. Rxc8+ Bxc8 22. Bf1 Nc7 23. Bd3 Ba6 24. Bxa6 Nxa6 25. Kf1 Nb4 26. Ke2 Nxa2 27. Kd3 Nb4+ 28. Kc3 Nc6 29. f4 f6 30. exf6 gxf6 31. Nf3 Kf7 32. g4 Kg6 33. h4 h5 34. g5 e5 35. fxe5 fxe5 36. Kd2 Kf5 37. Ke2 a5 38. Nh2 b5 39. Kd3 Ne7 40. Ke2 a4 41. Kf3 b4 42. Nf1 a3 43. bxa3 bxa3 44. Nd2 a2 45. Nb3 Ng6 46. Kg3 Ke4 47. Nc5+ Kxe3 48. Nb3 d4 49. Na1 d3 50. Kh3 d2 51. Nc2+ Kf2 52. Ne1 dxe1=Q 53. Kh2 Qg1+ 54. Kh3 Nf4# 0-1

[Event "Peter Stuart Memorial Open 2025"]
[Site "Takapuna, Auckland, New Zealan"]
[Date "2025.06.19"]
[Round "1.12"]
[White "Preeyansh Roul"]
[Black "Hwang, Ryan"]
[Result "1-0"]
[WhiteElo "1937"]
[BlackElo "1685"]
[WhiteFideId "-1"]
[WhiteFideId "-1"]
[PlyCount "59"]
[GameId "2190616451555328"]
[EventDate "2025.??.??"]

1. d4 d5 2. c4 c6 3. Nc3 Bf5 4. cxd5 cxd5 5. Qb3 Qd7 6. Qxd5 Qxd5 7. Nxd5 Na6 8. e3 Be6 9. Nf4 Nb4 10. Nxe6 fxe6 11. Bb5+ Kf7 12. Ba4 Rc8 13. Nf3 Nh6 14. Ne5+ Kf6 15. e4 Nf7 16. Ng4+ Kg6 17. Bd2 Rc4 18. O-O h5 19. Ne3 Rxd4 20. Bc3 Rxe4 21. a3 Kh6 22. axb4 e5 23. Bc2 Rf4 24. Nf5+ Kg5 25. Bd2 e6 26. Bxf4+ exf4 27. Nd4 e5 28. Ne6+ Kg4 29. h3+ Kh4 30. Kh2 1-0

[Event "Peter Stuart Memorial Open 2025"]
[Site "Takapuna, Auckland, New Zealan"]
[Date "2025.06.19"]
[Round "1.13"]
[White "Nimmakayala, Srirama Vikhyath"]
[Black "Tew, Yao Zen Markis"]
[Result "0-1"]
[WhiteElo "1675"]
[BlackElo "1936"]
[WhiteFideId "-1"]
[WhiteFideId "-1"]
[PlyCount "88"]
[GameId "2190616451555328"]
[EventDate "2025.??.??"]

1. d4 d5 2. c4 e6 3. Nc3 Nf6 4. Bg5 dxc4 5. e3 c5 6. Bxc4 cxd4 7. exd4 Be7 8. Nf3 Nc6 9. O-O O-O 10. Re1 a6 11. a3 b5 12. Bd3 Bb7 13. Rc1 Rc8 14. Qd2 Na5 15. Qe3 Nc4 16. Bxc4 Rxc4 17. Ne2 Nd5 18. Qd2 Bxg5 19. Nxg5 Nb6 20. Qf4 Qd5 21. Nf3 Na4 22. b4 Nb6 23. Qe5 Rfc8 24. Qxd5 Bxd5 25. Ne5 Rxc1 26. Rxc1 Rxc1+ 27. Nxc1 f6 28. Ned3 Nc4 29. Nc5 Nxa3 30. Nxa6 Nc2 31. Nd3 Nxd4 32. f3 Kf7 33. Kf2 e5 34. Nac5 Ke7 35. Ke3 Nf5+ 36. Kd2 Nh4 37. Ne1 g5 38. Ke3 h5 39. h3 g4 40. hxg4 hxg4 41. fxg4 Nxg2+ 42. Nxg2 Bxg2 43. Ne4 Bxe4 44. Kxe4 Ke6 0-1

[Event "Peter Stuart Memorial Open 2025"]
[Site "Takapuna, Auckland, New Zealan"]
[Date "2025.06.19"]
[Round "1.14"]
[White "Slater-Jones, Henry"]
[Black "Jiang, Patrick Di"]
[Result "1-0"]
[WhiteElo "1927"]
[BlackElo "1673"]
[WhiteFideId "-1"]
[WhiteFideId "-1"]
[PlyCount "97"]
[GameId "2190616451555328"]
[EventDate "2025.??.??"]

1. d4 f5 2. c4 e6 3. g3 Nf6 4. Bg2 c6 5. Nf3 d5 6. O-O Bd6 7. Qc2 O-O 8. Bf4 Ne4 9. Bxd6 Qxd6 10. Nbd2 Nd7 11. e3 b6 12. Rac1 Bb7 13. Rfd1 Rae8 14. Ne1 Rc8 15. Nd3 Ba6 16. b4 Nxd2 17. c5 Qe7 18. Qxd2 e5 19. Nxe5 Nxe5 20. dxe5 Bc4 21. cxb6 axb6 22. f4 Ra8 23. Rc2 Ra4 24. b5 cxb5 25. Bxd5+ Kh8 26. Bxc4 bxc4 27. Qd6 Qxd6 28. Rxd6 b5 29. Rd5 Rb4 30. Kf2 Kg8 31. e4 fxe4 32. Ke3 Rc8 33. Kxe4 Kf8 34. f5 Ke7 35. h3 Rc7 36. Kd4 Rb1 37. g4 b4 38. Rxc4 Rd1+ 39. Ke3 Rxc4 40. Rxd1 Rc2 41. Rd4 Rxa2 42. Rxb4 Ra3+ 43. Kf4 Rxh3 44. Rb7+ Kf8 45. g5 Rh1 46. f6 gxf6 47. gxf6 Rf1+ 48. Ke4 h5 49. Rh7 1-0

[Event "Peter Stuart Memorial Open 2025"]
[Site "Takapuna, Auckland, New Zealan"]
[Date "2025.06.19"]
[Round "1.15"]
[White "Johns, Daniel P"]
[Black "Wilson, Dion A"]
[Result "1/2-1/2"]
[WhiteElo "1673"]
[BlackElo "1904"]
[WhiteFideId "-1"]
[WhiteFideId "-1"]
[PlyCount "119"]
[GameId "2190616451559424"]
[EventDate "2025.??.??"]

1. e4 d6 2. d4 Nf6 3. Nc3 e5 4. Nf3 exd4 5. Nxd4 Be7 6. Bc4 O-O 7. O-O c6 8. a4 d5 9. exd5 cxd5 10. Bb3 Nc6 11. Bg5 h6 12. Bh4 Bg4 13. f3 Be6 14. Bf2 Re8 15. Nxe6 fxe6 16. Re1 Bb4 17. Qd3 Kh8 18. Re2 Nd7 19. Nb5 Nc5 20. Bxc5 Bxc5+ 21. Kh1 a6 22. Na3 Nd4 23. Ree1 Nxb3 24. Qxb3 Qc7 25. c3 Bd6 26. g3 Qf7 27. Kg2 Rad8 28. Nc2 Bc5 29. Rad1 Rf8 30. Rf1 Rd6 31. Ne1 Rd7 32. Nd3 Bd6 33. Rde1 Qf5 34. Qd1 e5 35. Qe2 Re7 36. Qe3 Qd7 37. Nf2 Qxa4 38. Rd1 Qc6 39. Qd3 d4 40. Ne4 Bc5 41. Nxc5 Qxc5 42. cxd4 exd4 43. Qxd4 Qb5 44. Rf2 Rfe8 45. Qd3 Qb4 46. Rdd2 Re3 47. Qd4 Qb3 48. Qd5 b5 49. Qxb3 Rxb3 50. Rfe2 Rxe2+ 51. Rxe2 a5 52. f4 a4 53. Kh3 Kh7 54. Kg4 b4 55. h3 Kg6 56. Re6+ Kf7 57. Ra6 a3 58. bxa3 bxa3 59. Kh4 Rf3 60. Kg4 1/2-1/2

[Event "Peter Stuart Memorial Open 2025"]
[Site "Takapuna, Auckland, New Zealan"]
[Date "2025.06.19"]
[Round "1.16"]
[White "Hettiarachchi, Buthsara"]
[Black "Aidan Prince"]
[Result "1-0"]
[WhiteElo "1850"]
[BlackElo "1663"]
[WhiteFideId "-1"]
[WhiteFideId "-1"]
[PlyCount "117"]
[GameId "2190616451559424"]
[EventDate "2025.??.??"]

1. e4 e5 2. Nf3 Nc6 3. Bb5 Bc5 4. O-O d6 5. c3 a6 6. Ba4 b5 7. Bb3 Nf6 8. d4 exd4 9. cxd4 Bb6 10. h3 O-O 11. Nc3 Na5 12. Bc2 Bb7 13. Qd3 Re8 14. Bg5 Nc4 15. b3 Na3 16. Rfe1 Ba5 17. Re2 Nxc2 18. Qxc2 Bxc3 19. Qxc3 h6 20. Bxf6 Qxf6 21. Qxc7 Bxe4 22. Rae1 Rec8 23. Qd7 Bxf3 24. gxf3 Qxd4 25. Re8+ Rxe8 26. Rxe8+ Rxe8 27. Qxe8+ Kh7 28. Qxf7 Qd3 29. Qb7 a5 30. Qe4+ Qxe4 31. fxe4 Kg6 32. Kg2 Kf6 33. f4 Ke6 34. h4 g6 35. Kf3 Kd7 36. Ke3 Kc6 37. Kd4 b4 38. Kc4 h5 39. Kd4 Kd7 40. Kd5 Ke7 41. Kc6 Ke6 42. Kb5 d5 43. e5 Kf5 44. Kc5 Ke6 45. Kd4 Kf5 46. Kxd5 Kxf4 47. e6 Kg4 48. e7 Kxh4 49. e8=Q g5 50. Qe1+ Kg4 51. Qg1+ Kf4 52. Qf2+ Kg4 53. Ke4 Kh3 54. Qf1+ Kh4 55. Qh1+ Kg4 56. Qg1+ Kh4 57. Kf3 g4+ 58. Kf4 a4 59. Qg3# 1-0

[Event "Peter Stuart Memorial Open 2025"]
[Site "Takapuna, Auckland, New Zealan"]
[Date "2025.06.19"]
[Round "1.17"]
[White "Zhou, Martin"]
[Black "Braganza, Nadia"]
[Result "1-0"]
[WhiteElo "1654"]
[BlackElo "1818"]
[WhiteFideId "-1"]
[WhiteFideId "-1"]
[PlyCount "83"]
[GameId "2190616451563520"]
[EventDate "2025.??.??"]

1. Nf3 d5 2. g3 Nf6 3. Bg2 e6 4. O-O Be7 5. d4 O-O 6. b3 c6 7. Bb2 b6 8. c4 Bb7 9. Nbd2 Nbd7 10. Qc2 Rc8 11. Rac1 c5 12. e3 Re8 13. Rfd1 Qc7 14. Ne5 Nxe5 15. dxe5 Ng4 16. cxd5 Bxd5 17. Bxd5 exd5 18. Nf3 Qd7 19. Qd3 Red8 20. h3 Nh6 21. Kg2 Qe6 22. Qa6 Nf5 23. a4 h5 24. Qxa7 h4 25. g4 Nh6 26. Nh2 f5 27. exf6 gxf6 28. Qa6 Nf7 29. Nf3 Qe4 30. Qd3 Qxd3 31. Rxd3 f5 32. gxf5 Rc6 33. Nd4 cxd4 34. Rxc6 Ne5 35. Rg6+ Kf7 36. Rxd4 Nxg6 37. fxg6+ Kxg6 38. Rg4+ Kf5 39. Bd4 Bc5 40. Rxh4 Rg8+ 41. Kf3 Rg1 42. Rh5+ 1-0

[Event "Peter Stuart Memorial Open 2025"]
[Site "Takapuna, Auckland, New Zealan"]
[Date "2025.06.19"]
[Round "1.18"]
[White "Sun, Wanyao Sarah"]
[Black "Powlesland, Brogan"]
[Result "1-0"]
[WhiteElo "1818"]
[BlackElo "1652"]
[WhiteFideId "-1"]
[WhiteFideId "-1"]
[PlyCount "47"]
[GameId "2190616451563520"]
[EventDate "2025.??.??"]

1. e4 c5 2. Nf3 e6 3. d4 cxd4 4. Nxd4 a6 5. Nc3 Qc7 6. a3 b5 7. Be2 Bb7 8. f3 Nc6 9. Nb3 Nf6 10. O-O h5 11. Be3 Bd6 12. f4 Ng4 13. Bxg4 hxg4 14. e5 Nxe5 15. fxe5 Bxe5 16. Qxg4 Rxh2 17. Ne4 O-O-O 18. Rxf7 Rdh8 19. c3 R2h4 20. Qxh4 Rxh4 21. Rf8+ Qd8 22. Rxd8+ Kxd8 23. Bg5+ Kc7 24. Bxh4 1-0

[Event "Peter Stuart Memorial Open 2025"]
[Site "Takapuna, Auckland, New Zealan"]
[Date "2025.06.19"]
[Round "1.19"]
[White "Wang, Cyrus"]
[Black "Wright, Caleb"]
[Result "0-1"]
[WhiteElo "1636"]
[BlackElo "1805"]
[WhiteFideId "-1"]
[WhiteFideId "-1"]
[PlyCount "142"]
[GameId "2190616451563520"]
[EventDate "2025.??.??"]

1. e4 c5 2. Nf3 d6 3. d4 cxd4 4. Nxd4 Nf6 5. Nc3 g6 6. Be3 Bg7 7. f3 O-O 8. g4 Nc6 9. h4 h5 10. g5 Nd7 11. Qd2 Nxd4 12. Bxd4 Ne5 13. Bxe5 Bxe5 14. f4 Bg7 15. O-O-O Bg4 16. Re1 Qa5 17. a3 Rac8 18. Nd5 Qxd2+ 19. Kxd2 Kh7 20. c3 e6 21. Ne3 Bf3 22. Bg2 Bxg2 23. Nxg2 Rfd8 24. Kc2 d5 25. Re2 dxe4 26. Rxe4 Rd7 27. Rd1 Rcd8 28. Rxd7 Rxd7 29. Ne3 b5 30. a4 bxa4 31. Rxa4 f6 32. Nc4 fxg5 33. fxg5 Kg8 34. Na5 Rc7 35. Kd3 Kf7 36. Nb3 e5 37. Nd2 Rd7+ 38. Ke3 Bf8 39. Nc4 Bc5+ 40. Ke4 Rd1 41. Nxe5+ Ke6 42. Ra6+ Bb6 43. Nxg6 Re1+ 44. Kd3 Kf5 45. Nh8 Re8 46. Nf7 Kg6 47. Nh6 Re3+ 48. Kc2 Re4 49. b3 Rxh4 50. Ng8 Kxg5 51. Ne7 Re4 52. Nc6 h4 53. Nxa7 h3 54. Ra1 h2 55. Nc6 Bg1 56. Ra5+ Kg4 57. Ne5+ Rxe5 58. Rxe5 h1=Q 59. Re2 Qf3 60. Rd2 Be3 61. Rd8 Qe2+ 62. Kb1 Qe1+ 63. Kb2 Qc1+ 64. Ka2 Qc2+ 65. Ka3 Qxc3 66. Rg8+ Kf5 67. Rf8+ Ke6 68. Re8+ Kd7 69. Rxe3 Qxe3 70. Ka4 Kc6 71. b4 Qa7+ 0-1

[Event "Peter Stuart Memorial Open 2025"]
[Site "Takapuna, Auckland, New Zealan"]
[Date "2025.06.19"]
[Round "1.20"]
[White "Tao, Junqing Jerome"]
[Black "Truong, Minh Nhat (sunny)"]
[Result "1-0"]
[WhiteElo "1784"]
[BlackElo "1613"]
[WhiteFideId "-1"]
[WhiteFideId "-1"]
[PlyCount "69"]
[GameId "2190616451571712"]
[EventDate "2025.??.??"]

1. e4 c5 2. c3 Nc6 3. d4 cxd4 4. cxd4 d5 5. e5 Bf5 6. Nc3 e6 7. a3 Qb6 8. Bb5 a6 9. Ba4 Rc8 10. Nge2 Nge7 11. O-O h6 12. b4 Bh7 13. Be3 Nf5 14. Rc1 Be7 15. Bc2 O-O 16. Bxf5 Bxf5 17. h3 f6 18. Na4 Qc7 19. f4 Be4 20. Ng3 f5 21. Nxe4 fxe4 22. Qg4 Qd7 23. Nb6 Qc7 24. Qxe6+ Kh8 25. Nxc8 Qxc8 26. Rxc6 Qxc6 27. Qxe7 Re8 28. Qf7 Rg8 29. Rc1 Qb5 30. f5 Qe2 31. Bxh6 gxh6 32. Qf6+ Rg7 33. Qxh6+ Kg8 34. Rc8+ Kf7 35. Qf6# 1-0

[Event "Peter Stuart Memorial Open 2025"]
[Site "Takapuna, Auckland, New Zealan"]
[Date "2025.06.20"]
[Round "1.21"]
[White "Nazeer, Afique M"]
[Black "Kerr, Grant"]
[Result "0-1"]
[WhiteElo "1610"]
[BlackElo "1782"]
[WhiteFideId "-1"]
[WhiteFideId "-1"]
[PlyCount "88"]
[GameId "2203356693594740"]
[EventDate "2025.??.??"]

1. d4 Nf6 2. c4 g6 3. Nc3 Bg7 4. Nf3 O-O 5. e4 d6 6. Be2 e5 7. dxe5 dxe5 8. Qxd8 Rxd8 9. O-O Re8 10. h3 c6 11. Be3 Nbd7 12. Rad1 Nh5 13. Rd2 Nf4 14. Rfd1 Nf8 15. Bxf4 exf4 16. Nd4 Ne6 17. Nxe6 Bxe6 18. Rc2 Rad8 19. f3 Bxc3 20. Rxd8 Rxd8 21. Rxc3 Rd2 22. Bd3 Rxb2 23. Rb3 Rxb3 24. axb3 c5 25. Kf2 Kg7 26. h4 Kf6 27. Bc2 Ke5 28. Ke2 Kd4 29. Kd2 f6 30. Bd1 a6 31. Be2 g5 32. h5 h6 33. Bd3 Bf7 34. e5 fxe5 35. Bg6 Be6 36. Bd3 g4 37. Be4 gxf3 38. gxf3 b6 39. Bd3 Bd7 40. Be4 b5 41. cxb5 axb5 42. Bd3 c4 43. bxc4 bxc4 44. Be4 Be6 0-1

[Event "Peter Stuart Memorial Open 2025"]
[Site "Takapuna, Auckland, New Zealan"]
[Date "2025.06.20"]
[Round "1.22"]
[White "Li, Olivia"]
[Black "Sussex, Taylor"]
[Result "0-1"]
[WhiteElo "1781"]
[BlackElo "1606"]
[WhiteFideId "-1"]
[WhiteFideId "-1"]
[PlyCount "68"]
[GameId "2203356693602933"]
[EventDate "2025.??.??"]

1. e4 e5 2. Nf3 Nc6 3. Bb5 f5 4. d3 fxe4 5. dxe4 Nf6 6. Bxc6 bxc6 7. O-O Bc5 8. Nxe5 O-O 9. Nc3 d6 10. Nxc6 Qe8 11. Nd4 Nxe4 12. Nxe4 Qxe4 13. c3 Qg6 14. Qb3+ Kh8 15. Qd5 Rb8 16. f3 h6 17. Kh1 Bb7 18. Qc4 Rf6 19. b4 Bxd4 20. Qxd4 Rbf8 21. Bb2 Rxf3 22. Rxf3 Rxf3 23. Rg1 Rd3 24. Qf2 Qg5 25. Bc1 Qe5 26. Re1 Qh5 27. Bb2 Rh3 28. Qf4 Rh4 29. Qf8+ Kh7 30. Kg1 Rxh2 31. Kf2 Rxg2+ 32. Ke3 Rxb2 33. Rg1 Qe5+ 34. Kd3 Qe4# 0-1

[Event "Peter Stuart Memorial Open 2025"]
[Site "Takapuna, Auckland, New Zealan"]
[Date "2025.06.20"]
[Round "1.23"]
[White "Barry, Jacob"]
[Black "Xu, Luna Yuexiu"]
[Result "1/2-1/2"]
[WhiteElo "1606"]
[BlackElo "1778"]
[WhiteFideId "-1"]
[WhiteFideId "-1"]
[PlyCount "126"]
[GameId "2203356693602934"]
[EventDate "2025.??.??"]

1. c4 d5 2. cxd5 Nf6 3. d4 Nxd5 4. e4 Nf6 5. Nc3 g6 6. Bc4 e5 7. Qb3 Qe7 8. dxe5 Nfd7 9. Nf3 Nc5 10. Qd1 Bg7 11. Be3 c6 12. Ng5 O-O 13. Nxf7 Rxf7 14. Bxc5 Qxc5 15. Qd8+ Qf8 16. Bxf7+ Kxf7 17. Qxf8+ Kxf8 18. f4 Be6 19. O-O Na6 20. Rad1 Bc4 21. Rf2 Ke7 22. Rfd2 Be6 23. a3 Bg4 24. Rf1 Rf8 25. g3 g5 26. Kg2 Nc5 27. h3 Be6 28. f5 Bc4 29. f6+ Ke6 30. Rfd1 Bh6 31. b4 Nd3 32. Rxd3 Bxd3 33. Rxd3 Rf7 34. Rd8 Kxe5 35. Re8+ Kxf6 36. e5+ Kf5 37. g4+ Kf4 38. e6 Rc7 39. Ne2+ Ke5 40. Ng3 Bg7 41. Nf5 b6 42. Kf3 c5 43. bxc5 bxc5 44. Rg8 Bf6 45. Re8 Rc6 46. e7 Rc7 47. Ke3 Ke6 48. Kd3 Bxe7 49. Kc4 Kf7 50. Rxe7+ Rxe7 51. Nxe7 Kxe7 52. Kxc5 Ke6 53. Kc6 Ke5 54. a4 Kf4 55. a5 Ke5 56. Kb7 Kd6 57. a6 Kd7 58. Kb8 Kc6 59. Kxa7 Kc7 60. Ka8 Kc8 61. Ka7 Kc7 62. Ka8 Kc8 63. Ka7 Kc7 1/2-1/2